| Поле | Инд. | ПП | Название | Значение |
|---|---|---|---|---|
| Тип записи | a | |||
| Библиографический уровень | b | |||
| 001 | Контрольный номер | UNIDUBNA1e1dfd4bd70843ecb34f84499e76ca4e | ||
| 005 | Дата корректировки | 20240416134626.0 | ||
| 008 | Кодируемые данные | 20170331 | ||
| 040 | b | Код языка каталог. | rus | |
| e | Правила каталог. | PSBO | ||
| 041 | 0_ | a | Код языка текста | rus |
| 084 | a | Индекс другой классификации/Индекс ББК | 60.991; 88.576 | |
| 100 | 1_ | a | Автор | Сухов А. Н. |
| q | Полное имя | Сухов Анатолий Николаевич | ||
| 245 | 10 | a | Заглавие | Угрозы безопасности семьи: социально-психологический анализ и практика превенции и преодоления |
| 504 | a | Библиография | Лит. в конце статьи. | |
| 520 | 0_ | a | Аннотация | Анализируются внешние и внутренние угрозы безопасности. К их числу относятся несколько десятков экономических, социальных, психологических и прочих факторов, которые вместе взятые составляют взаимосвязанный системокомлекс (профайлинг). Анализируется практика преодоления угроз в целях обеспечения безопасности семьи. |
| 650 | 14 | a | Основная рубрика | психология семьи |
| a | Основная рубрика | социальная психология | ||
| a | Основная рубрика | социальная работа | ||
| 653 | 0_ | a | Ключевые слова | безопасность |
| a | Ключевые слова | брачно-семейные отношения | ||
| a | Ключевые слова | брачный договор | ||
| a | Ключевые слова | виртуальное общение | ||
| a | Ключевые слова | добрачные отношения | ||
| a | Ключевые слова | межличностное общение | ||
| a | Ключевые слова | профайлинг | ||
| a | Ключевые слова | Россия | ||
| a | Ключевые слова | семейные конфликты | ||
| a | Ключевые слова | семья | ||
| a | Ключевые слова | социально-психологические факторы | ||
| a | Ключевые слова | социально-экономические факторы | ||
| a | Ключевые слова | устойчивость брака | ||
| 773 | 08 | t | Заглавие источника | Отечественный журнал социальной работы |
| d | Дата издания источника | 2022 | ||
| g | Прочая информация | № 1. - С. 147 - 152 | ||
| w | Контрольный № источника | UNIDUBNA45100639bc22430d95033f6c974e242b | ||
| 901 | t | Тип документа | b |